The case against Q : (Record no. 22511)

MARC details
000 -LEADER
fixed length control field 00385cam a22001454a 4500
020 ## - INTERNATIONAL STANDARD BOOK NUMBER
ISBN 1563383349 (alk. paper)
082 00 - DEWEY DECIMAL CLASSIFICATION NUMBER
Classification number 226.066
Author Cutter GOO
100 1# - MAIN ENTRY--AUTHOR NAME
Author name Goodacre, Mark S.
245 14 - TITLE STATEMENT
Title The case against Q :
260 ## - PUBLICATION, DISTRIBUTION, ETC. (IMPRINT)
Place of publication Harrisburg, Pa. :
Name of publisher Trinity Press International,
Year of publication c2002.
300 ## - PHYSICAL DESCRIPTION
Number of Pages x, 228 p. ;
650 #0 - SUBJECT ADDED ENTRY--TOPICAL TERM
Topical Term Q hypothesis (Synoptics criticism)
942 ## - ADDED ENTRY ELEMENTS (KOHA)
Koha item type Books
Holdings
Home library Current library Shelving location Date acquired Full call number Accession Number Koha item type
Henry Martyn Institute Library Henry Martyn Institute Library General stacks 11/16/2018 226.066 GOO 11003856 Books
                   Copyright © 2026 | Henry Martyn Institute | Hyderabad | TS-500052 | INDIA | Implemented by hmi.edu.in
Hit-Count:

Powered by Koha